Online Catalogue and eLibrary

Manavadu (Record no. 6019)

MARC details
000 -LEADER
fixed length control field 00479nam a22001577a 4500
005 - DATE AND TIME OF LATEST TRANSACTION
control field 20250410024902.0
008 - FIXED-LENGTH DATA ELEMENTS--GENERAL INFORMATION
fixed length control field 250410b |||||||| |||| 00| 0 eng d
020 ## - INTERNATIONAL STANDARD BOOK NUMBER
ISBN 9789556594768
082 ## - DDC Classification
DDC Edition Number 22
Class No. 150
Item Number - Author Mark MAN
100 ## - MAIN ENTRY--PERSONAL NAME
Personal name Somasuntharam, Daya
245 ## - TITLE STATEMENT
Title Manavadu
Remainder of title Nerukkitin ulavilaivukalum avatrai ethirkolum muraikalaum
260 ## - PUBLICATION, DISTRIBUTION, ETC.
Place of publication, distribution, etc. Chennai
Name of publisher, distributor, etc. Kumaran Book shop
Date of publication, distribution, etc. 1993
300 ## - PHYSICAL DESCRIPTION
Extent (e.g. Volumes, Pages etc.) Xv, 219 p .,
500 ## - GENERAL NOTE
General note Post Traumatic stress Disorders and their Management
942 ## - Koha item type (Biblio)
Koha item type Books in Stacks (Lending)
Holdings
Lost status Damaged status Collection code Home library Current library Date acquired Full call number Accession Number Item type
    Lending WERC Library WERC Library 04/10/2025 150 MAN 7034 Books in Stacks (Lending)

© WERC Library